000 00419pab a2200169 454500
008 180718b2010 xxu||||| |||| 00| 0 eng d
100 _aSingh, Seema
245 _aSecularism and uniform civil code
260 _c2010
300 _ap.200-291.
362 _aJul-Dec
650 _aSecularism
650 _aCivil Law
773 _aJournal of Constitutional and Parliamentary Studies
908 _aN
909 _a95405
999 _c95405
_d95405